000 01177nam a2200301Ia 4500
001 11096
003 IT-RoPAU
008 130308s9999 xx 000 0 und d
040 _aIT-RoPAU
040 _cIT-RoPAU
041 _aITALIANO
100 _aZanacchi Adriano
100 _gCodice Aut. SPICS: 3403
245 _aComunicazioni di massa: comunicazione e linguaggio
245 _bCorso superiore di Giornalismo-1
250 _a1a ed.
260 _aROMA
260 _bAccademia
260 _c1977 [1° Ed.:1977 - Ed.Ling.Originale:1977]
300 _a"24 p. (prefazione: no ; testo: 24)"
500 _aElementi del Processo di Comunicazione Comunicazione Fisica e Comunicazione significante Uso dei Segni per comunicare Necessità dei codici Codici e Linguaggi Linguaggi e schemi di Riferimento Linguaggio Verbale e Altri Linguaggi Comunicazione Verbale e Altre forme di Comunicazione Linguaggi Speciali Informazione Politica Linguaggio della Pubblicità Linguaggi Compositi Valore dell'Immagine Glossario
650 _aREGIA DELLA STAMPA DI MASSA
650 _eCodice materia Spics: 6653
942 _cBK
957 _71
999 _c49634
_d49634
999 _bSI
999 _g1